000 00350nam a2200133Ia 4500
008 151001s9999||||xx |||||||||||||| ||und||
100 _aगो द कुलकर्णी
245 _aप्रेमाची फुले
250 _a1
260 _bसुरस ग्रंथमाला
260 _c1973
300 _a83
365 _b18
999 _c956158
_d956155